| 000 | 00343nam a22001457a 4500 | ||
|---|---|---|---|
| 008 | 210305b ||||| |||| 00| 0 eng d | ||
| 020 | _a9781259187186 | ||
| 041 | _aeng | ||
| 080 |
_28th _a541 |
||
| 082 | _a541 | ||
| 100 | _a12 | ||
| 101 | _aKIM | ||
| 245 |
_aGeneral Organic and BioChemistry for CHE 101 _cDenniston, K.J |
||
| 942 |
_2udc _cBK |
||
| 999 |
_c55844 _d55844 |
||